<?xml version="1.0" encoding="UTF-8"?>
<record
    xmlns:xsi="http://www.w3.org/2001/XMLSchema-instance"
    xsi:schemaLocation="http://www.loc.gov/MARC21/slim http://www.loc.gov/standards/marcxml/schema/MARC21slim.xsd"
    xmlns="http://www.loc.gov/MARC21/slim">

  <leader>02479cam a2200253 a 4500</leader>
  <controlfield tag="003">OSt</controlfield>
  <controlfield tag="005">20210209111615.0</controlfield>
  <controlfield tag="008">080602t    2007caua    r     001 0 spa d</controlfield>
  <datafield tag="020" ind1=" " ind2=" ">
    <subfield code="a">9781403147622</subfield>
  </datafield>
  <datafield tag="040" ind1=" " ind2=" ">
    <subfield code="a">CO-BoPUJ</subfield>
    <subfield code="c">CO-JMCR</subfield>
  </datafield>
  <datafield tag="041" ind1="1" ind2=" ">
    <subfield code="a">spa</subfield>
    <subfield code="h">eng</subfield>
  </datafield>
  <datafield tag="082" ind1="0" ind2="4">
    <subfield code="a">299.936 / </subfield>
    <subfield code="b">H875c</subfield>
    <subfield code="2">23</subfield>
  </datafield>
  <datafield tag="100" ind1="1" ind2=" ">
    <subfield code="a">Hubbard, Lafayette Ronald, </subfield>
    <subfield code="d">1911-1986</subfield>
    <subfield code="e">autor</subfield>
    <subfield code="9">7017</subfield>
  </datafield>
  <datafield tag="245" ind1="1" ind2="3">
    <subfield code="a">La ciencia de la supervivencia : </subfield>
    <subfield code="b">la predicci&#xF3;n del comportamiento humano / </subfield>
    <subfield code="c">Lafayette Ronald Hubbard</subfield>
  </datafield>
  <datafield tag="260" ind1=" " ind2=" ">
    <subfield code="a">Los &#xC1;ngeles, California : </subfield>
    <subfield code="b">Bridge publications, </subfield>
    <subfield code="c">(c)2007.</subfield>
  </datafield>
  <datafield tag="300" ind1=" " ind2=" ">
    <subfield code="a">viii, 729 p&#xE1;ginas : </subfield>
    <subfield code="b">ilustraciones a blanco y negro ; </subfield>
    <subfield code="c">30 cm.</subfield>
  </datafield>
  <datafield tag="504" ind1=" " ind2=" ">
    <subfield code="a">Incluye glosario e &#xED;ndice.</subfield>
  </datafield>
  <datafield tag="505" ind1="0" ind2=" ">
    <subfield code="a">La escalada tonal -- Evaluaci&#xF3;n de dian&#xE9;tica -- Comportamiento y caracter&#xED;sticas filos&#xF3;ficas -- &#xC1;mbito psiqui&#xE1;trico -- &#xC1;mbito m&#xE9;dico -- Las leyes b&#xE1;sicas de theta afinidad, Realidad, Comunicaci&#xF3;n -- Emoci&#xF3;n -- Afinidad -- Comunicaci&#xF3;n y realidad -- S&#xF3;nico -- Visi&#xF3;n -- Som&#xE1;tico -- Conversaci&#xF3;n: al hablar -- conversaci&#xF3;n: al escuchar -- Como maneja la persona la comunicaci&#xF3;n escrita o hablada cuando act&#xFA;a como punto de retransmisi&#xF3;n -- Realidad -- Condici&#xF3;n de la l&#xED;nea temporal y de las valencias -- Manifestaci&#xF3;n de engramas y candidatos -- Comportamiento sexual actitud hacia los ni&#xF1;os -- Dominio del entorno -- Valor real para la sociedad comparado con el valor aparente -- Nivel &#xE9;tico -- El manejo de la verdad -- Nivel de valent&#xED;a -- Capacidad para manejar la responsabilidad -- Persistencia en un curso dado -- Literalidad conque se reciben afirmaciones o comentarios -- M&#xE9;todo que usa el sujeto para manejar a los dem&#xE1;s -- Valor de mando de las frases de acci&#xF3;n -- Los principios b&#xE1;sicos del procesamiento -- El c&#xF3;digo del editor -- Los factores mec&#xE1;nicos de la aberraci&#xF3;n -- Tiempo presente -- Memoria directa -- Momentos de placer -- Incidentes imaginarios -- Candados -- Scanning de candados -- Engramas secundarios -- Engramas -- Cadenas de engramas -- Circuitos -- Condici&#xF3;n del archivista -- Nivel hipn&#xF3;tico -- Nivel de alerta mental -- Enthenta relativa en el caso -- Nivel de tono necesario en el auditorio para manejar el caso -- Como auditar el caso -- La meta del procesamiento --  </subfield>
  </datafield>
  <datafield tag="534" ind1=" " ind2=" ">
    <subfield code="t">Science  of survival :[prediction of human behavior].</subfield>
  </datafield>
  <datafield tag="650" ind1="1" ind2="4">
    <subfield code="a">Dian&#xE9;tica</subfield>
    <subfield code="9">10032</subfield>
  </datafield>
  <datafield tag="650" ind1="2" ind2="4">
    <subfield code="a">&#xC9;xito</subfield>
    <subfield code="9">11396</subfield>
  </datafield>
  <datafield tag="942" ind1=" " ind2=" ">
    <subfield code="2">ddc</subfield>
    <subfield code="c">BK</subfield>
  </datafield>
  <datafield tag="999" ind1=" " ind2=" ">
    <subfield code="c">7043</subfield>
    <subfield code="d">7043</subfield>
  </datafield>
  <datafield tag="952" ind1=" " ind2=" ">
    <subfield code="0">0</subfield>
    <subfield code="1">0</subfield>
    <subfield code="2">ddc</subfield>
    <subfield code="4">0</subfield>
    <subfield code="7">0</subfield>
    <subfield code="a">CPL</subfield>
    <subfield code="b">CPL</subfield>
    <subfield code="c">GEN</subfield>
    <subfield code="d">2020-12-16</subfield>
    <subfield code="e">Donaci&#xF3;n</subfield>
    <subfield code="l">1</subfield>
    <subfield code="o">299.936 / H875c</subfield>
    <subfield code="p">201810191</subfield>
    <subfield code="r">2024-05-30 11:25:59</subfield>
    <subfield code="s">2024-05-30</subfield>
    <subfield code="t">Ej.1</subfield>
    <subfield code="w">2020-12-16</subfield>
    <subfield code="y">BK</subfield>
  </datafield>
</record>
